书目信息 |
| 题名: |
理学集大成者朱熹
|
|
| 作者: | 李朝阳 主编 | |
| 分册: | ||
| 出版信息: | 银川 阳光出版社 2016 |
|
| 页数: | 133页 | |
| 开本: | 23cm | |
| 丛书名: | ||
| 单 册: | ||
| 中图分类: | B244.75 | |
| 科图分类: | ||
| 主题词: | ||
| 电子资源: | ||
| ISBN: | 978-7-5525-2946-3 | |
| 000 | 00794nam0 2200229 450 | |
| 001 | 2368496869 | |
| 005 | 20231128220754.83 | |
| 010 | @a978-7-5525-2946-3@dCNY27.00 | |
| 100 | @a20181129d2016 em y0chiy50 ea | |
| 101 | 0 | @achi |
| 102 | @aCN@b640000 | |
| 105 | @aa z 000yd | |
| 200 | 1 | @a理学集大成者朱熹@Ali xue ji da cheng zhe zhu xi@f李朝阳主编 |
| 210 | @a银川@c阳光出版社@d2016 | |
| 215 | @a133页@c图@d23cm | |
| 300 | @a中国古代十大思想家 | |
| 330 | @a本书内容包括“朱熹一生轨迹”“朱熹佛老思想”“朱熹学术思想”“朱熹哲学思想”“朱熹经学思想”“朱熹教育思想”“朱熹百科成就”“朱熹补漏拾遗”等八个章节。 | |
| 600 | 0 | @a朱熹@f(1130-1200)@x哲学思想@x研究 |
| 690 | @aB244.75@v5 | |
| 701 | 0 | @a李朝阳@Ali chao yang@4主编 |
| 801 | 0 | @aCN@b91MARC@c20181129 |
| 905 | @aZUCC@dB244.75@e4 | |
| 理学集大成者朱熹/李朝阳主编.-银川:阳光出版社,2016 |
| 133页:图;23cm |
| 中国古代十大思想家 |
| ISBN 978-7-5525-2946-3:CNY27.00 |
| 本书内容包括“朱熹一生轨迹”“朱熹佛老思想”“朱熹学术思想”“朱熹哲学思想”“朱熹经学思想”“朱熹教育思想”“朱熹百科成就”“朱熹补漏拾遗”等八个章节。 |
| ● |
| 相关链接 |
|
|
|
正题名:理学集大成者朱熹
索取号:B244.75/4
 
预约/预借
| 序号 | 登录号 | 条形码 | 馆藏地/架位号 | 状态 | 备注 |
| 1 | 2001009715 | 2001009715 | 辽宁一、悦读混合/辽宁北配(第三批)/辽批49/ [索取号:B244.75/4] | 在馆 | |
| 2 | 2001009716 | 2001009716 | 辽宁一、悦读混合/辽宁北配(第三批)/辽批49/ [索取号:B244.75/4] | 在馆 | |
| 3 | 2001009717 | 2001009717 | 辽宁一、悦读混合/辽宁北配(第三批)/辽批49/ [索取号:B244.75/4] | 在馆 | |
| 4 | 2001009718 | 2001009718 | 辽宁一、悦读混合/辽宁北配(第三批)/辽批49/ [索取号:B244.75/4] | 在馆 | |
| 5 | 2001009719 | 2001009719 | 辽宁一、悦读混合/辽宁北配(第三批)/辽批49/ [索取号:B244.75/4] | 在馆 | |
| 6 | 2001009720 | 2001009720 | 辽宁一、悦读混合/辽宁北配(第三批)/辽批49/ [索取号:B244.75/4] | 在馆 |